| 000 | 00526nam a2200169 i 4500 | ||
|---|---|---|---|
| 001 | 145878 | ||
| 003 | ES-MaACL | ||
| 005 | 20230906201337.0 | ||
| 007 | t| | ||
| 008 | 071017s1919 ck ||||1| spa d | ||
| 100 | 1 |
_aVega, Fernando de la. _9113544 |
|
| 245 | 1 | 0 |
_aAlgo de crítica / _cFernando de la Vega ; con prólogo de Enrique José Varona. |
| 260 |
_aBogotá : _bArboleda & Valencia, _c1919. |
||
| 300 |
_aXII, 242 p. ; _c18 cm. |
||
| 700 | 1 |
_aVarona, Enrique José ( _d1849-1933) _9153535 |
|
| 852 |
_aES-MaACL _jC-3557 |
||
| 999 |
_c145878 _d145878 |
||